000 00780cam a2200265 4500
001 J64016
008 000000n2001 000 0 eng u
035 _a(Sirsi) u111965
041 _aeng
050 _a332.6324
110 _aInvestment Property Databank
_92288
245 _aIPD UK annual index (2000)
260 _aLondon
_bInvestment Property Databank
_c2001
300 _a1 folded sheet (6)p. ; 30cm.
650 _aPROPERTY-COMMERCIAL PROPERTY
650 _aINDUSTRIAL PROPERTY
650 _aINSTITUTIONAL INVESTMENT
650 _aOFFICES
650 _aPROPERTY INVESTMENT
650 _aSHOPS
650 _aYIELDS
690 _aPROPERTY-COMMERCIAL PROPERTY-COMMERCIAL PROPERTY FINANCE AND INVESTMENT
856 _uhttps://www.ipdindex.co.uk
942 _n0
999 _c101327
_d101327